000
00261nam a2200109Ia 4500
008
190912s9999||||xx |||||||||||||| ||und||
100
_a
Ghazi Salahuddin
245
0
_a
Meray Derya Meray Sahil
260
_a
Lahore
_b
Sang-e-Meel
_c
2002
300
_a
288
942
_c
BK
999
_c
7602
_d
7602